| 000 | 00751nam a2200253Ia 4500 | ||
|---|---|---|---|
| 003 | OSt | ||
| 005 | 20220923212357.0 | ||
| 006 | a|||||r|||| 00| 0 | ||
| 007 | ta | ||
| 008 | 220922b |||||||| |||| 00| 0 hin d | ||
| 024 | _a152,477 | ||
| 037 | _cTextual | ||
| 040 |
_aARTS _cARTS _bhin |
||
| 041 |
_2hin _ahin |
||
| 082 | _aN42:C, 152K0 | ||
| 100 | _aकान्तिसागर | ||
| 245 | 0 | _aखोज की पगडण्डिया | |
| 246 | _aKhoj kī pagaḍaṇḍiyā | ||
| 250 | _aसंस्क 2 | ||
| 260 | _c1960 | ||
| 490 | _aज्ञानपीठ लोकोदय ग्रंथमाला; 23 | ||
| 942 |
_hN42:C, 152K0 _cTEXL _2CC |
||
| 999 |
_c308126 _d308126 |
||